|
|
|
|
| LEADER |
00000nab a2200000uu 4500 |
| 001 |
vtls011454106 |
| 003 |
SK-MaSNL |
| 005 |
20260303113052.0 |
| 008 |
230121|1965 xo |||||||||||||||||cze| |
| 015 |
|
|
|a SNBRB
|
| 035 |
|
|
|a (urnnbn)urn:nbn:sk:snk:ar-0085ou
|
| 035 |
|
|
|a (uuid)de3c0aa1-946a-4c6d-9655-b5ac74a1f306
|
| 035 |
|
|
|a urn:nbn:sk:snk-abcpgh
|
| 040 |
|
|
|a SNKBUCL
|b slo
|c SNKBUCL
|e AACR2
|
| 041 |
0 |
|
|a cze
|
| 044 |
|
|
|a xo
|c SK
|
| 100 |
1 |
|
|a Blažek, Z.
|4 aut
|9 310547
|
| 245 |
1 |
0 |
|a KOLIBŘÍ HERBÁŘ ANEB BYLINÁŘ
|c Z. Blažek, M. Průcha
|
| 700 |
1 |
|
|a Průcha, M.
|4 aut
|9 1126529
|
| 773 |
0 |
|
|t Farmaceutický obzor : odborný časopis Ministerstva zdravotníctva Slovenskej republiky a Slovenskej zdravotníckej univerzity v Bratislave
|g Roč. 34, č. 2 (1965), s. 84-87
|
| 954 |
|
|
|a odborná, vedecká literatúra cudzojazyčná (svetová)
|2 lita
|
| 958 |
|
|
|a OND
|
| 958 |
|
|
|a EUIPO
|
| 958 |
|
|
|a article16
|
| 999 |
|
|
|c 1889921
|d 1891851
|